000 00476nam a2200193Ia 4500
003 GCL
008 140319s9999 xx 000 0 eng d
040 _aGCL /
_cGCL
082 0 4 _a700
_bA P
100 1 _aACADEMY EDITIONS
245 1 0 _aPARALLEL STRUCTURES: ART DANCE MUSIC /
_cACADEMY EDITIONS
260 _a[S.N] :
_bACADEMY EDITIONS ،
_c1993
300 _a97 P
650 0 4 _aARTS
650 0 4 _aMUSIC
650 0 4 _aART MAGAZINE
650 0 4 _aDANCE
942 _2ddc
_cBK
999 _c12556
_d12556